Score 0/9 Timer 01:00
1 Play Today
Clue 6-Letter Rung % Correct
Wet through and throughSOAKED
89.5%
Rose to great heightsSOARED
85.7%
Slightly charredSEARED
81.5%
Restored to healthHEALED
79.9%
Punched really hardSOCKED
75%
Like the Go-Go's lipsSEALED
73.9%
Bruno Mars song: [First Rung] Out Of _____• HEAVEN •
65.1%
Bruno Mars song: _____ Out Of [Last Rung]• LOCKED •
62.2%
Threw with effortHEAVED
59.7%

Today's Daily Dose

Remove Ads.
Support Sporcle.
Get the best of Sporcle when you Go Orange. This ad-free experience offers more features, more stats, and more fun while also helping to support Sporcle. Thank you for becoming a member.

You're not logged in!

Compare scores with friends on all Sporcle quizzes.
OR
Log In

Show Comments

Extras

Top Quizzes Today


Score Distribution

Your Account Isn't Verified!

In order to create a playlist on Sporcle, you need to verify the email address you used during registration. Go to your Sporcle Settings to finish the process.

Report this User

Report this user for behavior that violates our Community Guidelines.

Details: